<?xml version="1.0" encoding="UTF-8"?>
<marc:record xmlns:marc="http://www.loc.gov/MARC21/slim">
   <marc:leader>00000nam a2200000 a 4500</marc:leader>
   <marc:datafield ind1=" " ind2=" " tag="653">
      <marc:subfield code="a">Softcover / Kinder- und Jugendbücher/Sachbücher</marc:subfield>
   </marc:datafield>
   <marc:datafield ind1=" " ind2=" " tag="653">
      <marc:subfield code="a">Sachbilderbücher</marc:subfield>
   </marc:datafield>
   <marc:datafield ind1="0" ind2="0" tag="245">
      <marc:subfield code="a">Kleine Forscher entdecken</marc:subfield>
   </marc:datafield>
   <marc:datafield ind1="0" ind2="0" tag="245">
      <marc:subfield code="c">Text von Judith Anderson. Ill. von Mike Gordon. Aus dem Engl. von Stephanie Menge</marc:subfield>
   </marc:datafield>
   <marc:datafield ind1=" " ind2="1" tag="264">
      <marc:subfield code="a">Mannheim</marc:subfield>
      <marc:subfield code="b">Meyers</marc:subfield>
      <marc:subfield code="c">2012</marc:subfield>
   </marc:datafield>
   <marc:datafield ind1="1" ind2=" " tag="520">
      <marc:subfield code="a">Angaben aus der Verlagsmeldung

Kleine Forscher entdecken: Der Regentropfen Nature's Miracles: Once there was a Raindrop / von Judith Anderson

Was passiert mit dem Regentropfen, wenn er aus der Wolke fällt? Er begibt sich auf eine Reise! Die kleinen Forscher ab 3 Jahren haben jede Menge Spaß beim Erforschen und finden heraus, wohin die Reise des Regentropfens führt und was ein Wasserkreislauf ist. Zusätzlich zu den charmant illustrierten Sachgeschichten enthalten die Bücher Anleitungen für eigene Experimente zum Selberforschen. Eltern erhalten darüber hinaus wertvolle Tipps zum Umgang mit dem Wissensdurst des Kindes und fortführende Informationen zum Thema.
</marc:subfield>
   </marc:datafield>
   <marc:datafield ind1=" " ind2=" " tag="020">
      <marc:subfield code="a">9783411070985</marc:subfield>
      <marc:subfield code="9">9783411070985</marc:subfield>
   </marc:datafield>
   <marc:datafield ind1=" " ind2=" " tag="020">
      <marc:subfield code="a">3411070986</marc:subfield>
      <marc:subfield code="9">3411070986</marc:subfield>
   </marc:datafield>
   <marc:datafield ind1=" " ind2=" " tag="041">
      <marc:subfield code="a">ger</marc:subfield>
   </marc:datafield>
   <marc:datafield ind1=" " ind2=" " tag="300">
      <marc:subfield code="a">32 S.</marc:subfield>
   </marc:datafield>
</marc:record>
